Online Catalogue and eLibrary

Gangarohana varnanava (Record no. 3391)

MARC details
000 -LEADER
fixed length control field 00360nam a2200145Ia 4500
005 - DATE AND TIME OF LATEST TRANSACTION
control field 20241203001124.0
008 - FIXED-LENGTH DATA ELEMENTS--GENERAL INFORMATION
fixed length control field 240331s9999 xx 000 0 und d
082 ## - DDC Classification
Item Number - Author Mark DIS
Class No. 891
100 ## - MAIN ENTRY--PERSONAL NAME
Personal name Dissanayake,B.I
245 #0 - TITLE STATEMENT
Title Gangarohana varnanava
260 ## - PUBLICATION, DISTRIBUTION, ETC.
Place of publication, distribution, etc. Colombo
Name of publisher, distributor, etc. M.D. Gunasena & Co. Ltd.,
300 ## - PHYSICAL DESCRIPTION
Extent (e.g. Volumes, Pages etc.) IX, 46 p .,
650 ## - SUBJECT ADDED ENTRY--TOPICAL TERM
Topical term or geographic name entry element Sinhalese Poems
942 ## - Koha item type (Biblio)
Koha item type Books in Stacks (Lending)
Holdings
Lost status Damaged status Collection code Home library Current library Shelving location Date acquired Full call number Accession Number Item type
    Lending WERC Library WERC Library Social Science Cupboard 03/31/2024 891.481 DIS 1915 Books in Stacks (Lending)

© WERC Library